Fiza'ya , psyche of the pakistan airforce (Record no. 572796)

000 -LEADER
fixed length control field 00501nam a22001697a 4500
003 - CONTROL NUMBER IDENTIFIER
control field CEME
005 - DATE AND TIME OF LATEST TRANSACTION
control field 20210628203237.0
008 - FIXED-LENGTH DATA ELEMENTS--GENERAL INFORMATION
fixed length control field 210119b xxu||||| |||| 00| 0 eng d
040 ## - CATALOGING SOURCE
Transcribing agency ceme
082 ## - DEWEY DECIMAL CLASSIFICATION NUMBER
Classification number 358.40095491 PUS
100 ## - MAIN ENTRY--PERSONAL NAME
Personal name Pushpindar Singh , Rikhye, Ravi , Steinemann , Peter
9 (RLIN) 64228
245 ## - TITLE STATEMENT
Title Fiza'ya , psyche of the pakistan airforce
260 ## - PUBLICATION, DISTRIBUTION, ETC.
Place of publication, distribution, etc. NEW DELHI
Name of publisher, distributor, etc. PAF BOOK CLUB
Date of publication, distribution, etc. 1991
300 ## - PHYSICAL DESCRIPTION
Extent 208 P
650 ## - SUBJECT ADDED ENTRY--TOPICAL TERM
Topical term or geographic name entry element FIZA'YA.PSYCHE OF THE PAKISTAN AIRFORCE
9 (RLIN) 64229
942 ## - ADDED ENTRY ELEMENTS (KOHA)
Koha item type Book
Source of classification or shelving scheme
Holdings
Withdrawn status Lost status Damaged status Not for loan Permanent Location Current Location Shelving location Date acquired Total Checkouts Full call number Barcode Date last seen Price effective from Koha item type
        College of Electrical & Mechanical Engineering (CEME) College of Electrical & Mechanical Engineering (CEME) General Stacks 07/26/2017   358.40095491 PUS CEME-42277 06/28/2021 06/28/2021 Book
© 2023 Central Library, National University of Sciences and Technology. All Rights Reserved.